[Event "SLO-chT1 East"]
[Site "Slovenia"]
[Date "2017.09.29"]
[Round "1"]
[White "Krcmar, Aleksander"]
[Black "Pukl, Daniel"]
[Result "1/2-1/2"]
[WhiteElo "1864"]
[BlackElo "2007"]
[PlyCount "97"]
[EventDate "2017.09.29"]
[EventType "team-tourn"]
[EventRounds "9"]
[EventCountry "SLO"]
[SourceTitle "EXT 2019"]
[Source "ChessBase"]
[SourceDate "2018.10.10"]
[SourceVersion "1"]
[SourceVersionDate "2018.10.10"]
[SourceQuality "1"]
[WhiteTeam "Maribor ZSK II"]
[BlackTeam "Lendava Rokada"]
[WhiteTeamCountry "SLO"]
[BlackTeamCountry "SLO"]

1. e4 e6 2. Nf3 d5 3. exd5 exd5 4. d4 Nf6 5. Nc3 c6 6. Bd3 Bd6 7. 0-0 0-0 8. Bg5 Bg4 9. Re1 Nbd7 10. h3 Bh5 11. Bf5 Qc7 12. Qd3 Rfe8 13. a3 Bg6 14. Nh4 Bf4 15. Bxf4 Qxf4 16. g3 Qd6 17. Qf3 Nf8 18. Ne2 Ne6 19. Nxg6 hxg6 20. Bxe6 Qxe6 21. Nf4 Qf5 22. Qd3 Ne4 23. h4 f6 24. Re2 g5 25. hxg5 fxg5 26. Ng2 Rf8 27. Rf1 Rae8 28. f4 Qh3 29. Rf3 Nf6 30. fxg5 Ne4 31. Nf4 Qg4 32. Kg2 Nxg5 33. Rxe8 Rxe8 34. Re3 Ne4 35. c4 Rf8 36. Nh3 Ng5 37. Nxg5 Qxg5 38. Re5 Qc1 39. cxd5 cxd5 40. b4 Qb2+ 41. Kh3 Qc1 42. Rh5 Rf6 43. Qe2 Rh6 44. Qe8+ Kh7 45. Rxh6+ Qxh6+ 46. Kg4 Qg6+ 47. Qxg6+ Kxg6 48. b5 Kf6 49. Kf4 1/2-1/2

[Event "SLO-chT1 East"]
[Site "Slovenia"]
[Date "2016.11.13"]
[Round "6"]
[White "Krcmar, Aleksander"]
[Black "Nikl Hutinski, Emanuel"]
[Result "1-0"]
[WhiteElo "1864"]
[BlackElo "1686"]
[PlyCount "63"]
[EventDate "2016.09.23"]
[EventType "team-tourn"]
[EventRounds "9"]
[EventCountry "SLO"]
[SourceTitle "EXT 2019"]
[Source "ChessBase"]
[SourceDate "2018.10.10"]
[SourceVersion "1"]
[SourceVersionDate "2018.10.10"]
[SourceQuality "1"]
[WhiteTeam "Maribor ZSK II"]
[BlackTeam "Slovenj Gradec"]
[WhiteTeamCountry "SLO"]
[BlackTeamCountry "SLO"]

1. e4 d5 2. exd5 Qxd5 3. Nc3 Qa5 4. d4 c6 5. Bd3 Nf6 6. Nge2 Bg4 7. 0-0 e6 8. Bd2 Qc7 9. f3 Bh5 10. Bf4 Bd6 11. Qd2 Bg6 12. Ne4 Nxe4 13. fxe4 Nd7 14. Bxd6 Qxd6 15. e5 Qc7 16. Bxg6 hxg6 17. Qg5 c5 18. c3 Rh5 19. Qg4 Nb6 20. Ng3 Rh6 21. Ne4 f5 22. exf6 Qxh2+ 23. Kf2 Qh4+ 24. Qxh4 Rxh4 25. fxg7 Ke7 26. Nxc5 Nd7 27. Kg3 Rh7 28. Nxd7 Kxd7 29. Rf8 Rxg7 30. Rxa8 a6 31. Rf1 Re7 32. Raf8 1-0

[Event "SLO-chT1 East"]
[Site "Slovenia"]
[Date "2016.09.24"]
[Round "2"]
[White "Benko, Bostjan"]
[Black "Krcmar, Aleksander"]
[Result "0-1"]
[WhiteElo "1996"]
[BlackElo "1864"]
[PlyCount "102"]
[EventDate "2016.09.23"]
[EventType "team-tourn"]
[EventRounds "9"]
[EventCountry "SLO"]
[SourceTitle "EXT 2019"]
[Source "ChessBase"]
[SourceDate "2018.10.10"]
[SourceVersion "1"]
[SourceVersionDate "2018.10.10"]
[SourceQuality "1"]
[WhiteTeam "Zagorje ob Savi"]
[BlackTeam "Maribor ZSK II"]
[WhiteTeamCountry "SLO"]
[BlackTeamCountry "SLO"]

1. e4 c5 2. Nc3 d6 3. g3 Nf6 4. Bg2 g6 5. d3 Nc6 6. Nge2 Bg7 7. 0-0 h6 8. h3 Bd7 9. Be3 g5 10. f4 Nh5 11. fxg5 hxg5 12. Bxg5 Nd4 13. g4 Nxe2+ 14. Nxe2 Nf6 15. Nf4 Nh7 16. h4 Bd4+ 17. Rf2 Nxg5 18. hxg5 e6 19. Nh3 Qb6 20. Qf3 Bxf2+ 21. Qxf2 Qxb2 22. Rf1 Qd4 23. c3 Qxf2+ 24. Kxf2 Ke7 25. e5 Bc6 26. exd6+ Kxd6 27. Kg3 Bxg2 28. Kxg2 Ke7 29. Nf2 Rad8 30. Rd1 Rd5 31. Ne4 Rhd8 32. Rh1 Rxd3 33. Kf2 Rd1 34. Rh7 Rf8 35. Ke3 b6 36. Kf4 Ra1 37. Rh2 Re1 38. Kf3 Rd1 39. Ke2 Ra1 40. Ke3 Rb1 41. Kd3 a6 42. Kc4 Rg1 43. Rh4 Rc8 44. a4 Ra1 45. Kb3 Re1 46. Nf6 b5 47. axb5 axb5 48. Rh3 Ra8 49. Rh7 Re2 50. Nh5 Raa2 51. c4 b4 0-1

[Event "SLO-chT1 East"]
[Site "Slovenia"]
[Date "2015.11.28"]
[Round "8"]
[White "Grah, Matej"]
[Black "Krcmar, Aleksander"]
[Result "1-0"]
[WhiteElo "1884"]
[BlackElo "1837"]
[PlyCount "69"]
[EventDate "2015.10.16"]
[EventType "team-tourn"]
[EventRounds "9"]
[EventCountry "SLO"]
[SourceTitle "EXT 2019"]
[Source "ChessBase"]
[SourceDate "2018.10.10"]
[SourceVersion "1"]
[SourceVersionDate "2018.10.10"]
[SourceQuality "1"]
[WhiteTeam "Radenska Pomgrad II"]
[BlackTeam "Maribor ZSK II"]
[WhiteTeamCountry "SLO"]
[BlackTeamCountry "SLO"]

1. c4 Nf6 2. d4 e6 3. Nc3 Bb4 4. Qc2 d5 5. e3 c5 6. a3 Bxc3+ 7. bxc3 Qa5 8. Bb2 Bd7 9. Bd3 Ba4 10. Qe2 Nc6 11. Nf3 0-0 12. 0-0 Rfe8 13. Nd2 e5 14. cxd5 Nxd5 15. c4 Nf6 16. d5 Ne7 17. Bxe5 Ng6 18. Bxf6 gxf6 19. Ne4 Kg7 20. Qf3 Rxe4 21. Bxe4 Rd8 22. Qf5 Re8 23. h4 Re5 24. Qf3 h5 25. Bf5 Nxh4 26. Qg3+ Ng6 27. f4 Re7 28. e4 Qa6 29. Rac1 Qd6 30. Rce1 Qa6 31. Qc3 Kh6 32. e5 fxe5 33. fxe5 Re8 34. e6 fxe6 35. Bxg6 1-0

[Event "Ptuj Chess Academy op 1st"]
[Site "Ptuj"]
[Date "2015.01.25"]
[Round "4"]
[White "Suta, Tomaz"]
[Black "Krcmar, Aleksander"]
[Result "0-1"]
[WhiteElo "1612"]
[BlackElo "1805"]
[PlyCount "116"]
[EventDate "2015.01.23"]
[EventType "swiss"]
[EventRounds "5"]
[EventCountry "SLO"]
[SourceTitle "CBM 164 Extra"]
[Source "ChessBase"]
[SourceDate "2015.03.02"]
[SourceVersion "1"]
[SourceVersionDate "2015.03.02"]
[SourceQuality "1"]

1. e4 c5 2. Nc3 d6 3. f4 e6 4. Nf3 Nc6 5. Bc4 a6 6. a3 b5 7. Ba2 Bb7 8. d3 Qb6 9. Be3 Nf6 10. 0-0 Ng4 11. Qe1 0-0-0 12. b4 Nxe3 13. Qxe3 Nd4 14. Rf2 cxb4 15. axb4 Nxf3+ 16. Rxf3 Qxe3+ 17. Rxe3 g5 18. Ne2 d5 19. Rb1 gxf4 20. Nxf4 Bh6 21. Rf3 dxe4 22. dxe4 Bxe4 23. Rf2 Rhg8 24. Re1 Bf5 25. g3 Kc7 26. c4 Rd4 27. Ne2 Rd2 28. Nc3 Rxf2 29. Kxf2 Bd2 30. cxb5 Bxe1+ 31. Kxe1 axb5 32. Nxb5+ Kb6 33. Nd4 Bh3 34. Bb1 Rg4 35. Nf3 Rxb4 36. Bxh7 f6 37. Kf2 e5 38. Ke3 f5 39. Ng5 Bg4 40. h3 f4+ 41. gxf4 exf4+ 42. Kf2 Rb2+ 43. Kg1 Bc8 44. Be4 Kc5 45. h4 Kd4 46. h5 Rb5 47. Nf7 Rxh5 48. Bf3 Rh3 49. Kf2 Rh2+ 50. Kg1 Rb2 51. Nd6 Be6 52. Ne4 Bd5 53. Ng5 Bxf3 54. Nxf3+ Ke4 55. Ng5+ Kf5 56. Nf3 Kg4 57. Nd4 Kg3 58. Kf1 f3 0-1

[Event "Novo Mesto op"]
[Site "Novo Mesto"]
[Date "2014.11.08"]
[Round "8"]
[White "Krcmar, Aleksander"]
[Black "Bajo, Tin"]
[Result "1-0"]
[WhiteElo "1723"]
[BlackElo "1617"]
[PlyCount "65"]
[EventDate "2014.10.31"]
[EventType "swiss"]
[EventRounds "9"]
[EventCountry "SLO"]
[SourceTitle "EXT 2019"]
[Source "ChessBase"]
[SourceDate "2018.10.10"]
[SourceVersion "1"]
[SourceVersionDate "2018.10.10"]
[SourceQuality "1"]

1. e4 e5 2. Nf3 Nc6 3. Bc4 Bc5 4. c3 Nf6 5. d4 exd4 6. cxd4 Bb4+ 7. Bd2 Bxd2+ 8. Nbxd2 d5 9. exd5 Nxd5 10. 0-0 0-0 11. h3 Nb6 12. Bd3 Nxd4 13. Nxd4 Qxd4 14. Qc2 h6 15. Nf3 Qf6 16. Be4 c6 17. Rad1 Be6 18. Nd4 Rad8 19. Nxe6 Qxe6 20. b3 Rfe8 21. Rfe1 Qf6 22. a4 Qg5 23. b4 a6 24. g3 g6 25. h4 Rxd1 26. Qxd1 Qe5 27. Re3 Qf6 28. Qb3 Qa1+ 29. Kg2 Qg7 30. h5 g5 31. Bh7+ Kxh7 32. Qd3+ Kg8 33. Rxe8+ 1-0

[Event "Novo Mesto op"]
[Site "Novo Mesto"]
[Date "2014.11.06"]
[Round "7"]
[White "Zupancic, Urban"]
[Black "Krcmar, Aleksander"]
[Result "1-0"]
[WhiteElo "1931"]
[BlackElo "1723"]
[PlyCount "83"]
[EventDate "2014.10.31"]
[EventType "swiss"]
[EventRounds "9"]
[EventCountry "SLO"]
[SourceTitle "EXT 2019"]
[Source "ChessBase"]
[SourceDate "2018.10.10"]
[SourceVersion "1"]
[SourceVersionDate "2018.10.10"]
[SourceQuality "1"]

1. e4 c5 2. Nf3 d6 3. d4 cxd4 4. Nxd4 Nf6 5. Nc3 a6 6. f3 Nc6 7. Be3 e5 8. Nb3 Be6 9. Qd2 Be7 10. 0-0-0 Na5 11. g4 Bc4 12. Nxa5 Bxf1 13. Nxb7 Qc7 14. Rhxf1 Qxb7 15. g5 Rb8 16. b3 Nd7 17. Nd5 Bd8 18. h4 a5 19. a4 Qc6 20. Qc3 Qb7 21. Kb2 0-0 22. Rg1 Bb6 23. Nxb6 Nxb6 24. Bxb6 Qxb6 25. Qd2 Rfc8 26. Rg2 Rc6 27. h5 Rbc8 28. Qd5 Qb4 29. Rd3 Qb7 30. g6 Qc7 31. c4 h6 32. Qxf7+ Qxf7 33. gxf7+ Kxf7 34. Rd5 Rb8 35. Kc3 Ra6 36. Rb5 Rf8 37. Rb7+ Ke8 38. Rgxg7 Rxf3+ 39. Kd2 Ra8 40. Rg8+ Rf8 41. Rxf8+ Kxf8 42. Rh7 1-0

[Event "Novo Mesto op"]
[Site "Novo Mesto"]
[Date "2014.11.02"]
[Round "5"]
[White "Krcmar, Aleksander"]
[Black "Kobe, Matic"]
[Result "1-0"]
[WhiteElo "1723"]
[BlackElo "1063"]
[PlyCount "73"]
[EventDate "2014.10.31"]
[EventType "swiss"]
[EventRounds "9"]
[EventCountry "SLO"]
[SourceTitle "EXT 2019"]
[Source "ChessBase"]
[SourceDate "2018.10.10"]
[SourceVersion "1"]
[SourceVersionDate "2018.10.10"]
[SourceQuality "1"]

1. e4 e5 2. Nf3 Nc6 3. Bc4 Bc5 4. 0-0 Nf6 5. d3 h6 6. c3 d6 7. Be3 Bb6 8. Nbd2 0-0 9. Re1 Be6 10. b4 a6 11. Qb3 Re8 12. a4 Qd7 13. Qb2 d5 14. exd5 Bxd5 15. Rad1 Rad8 16. h3 Qf5 17. Bxb6 cxb6 18. Bxd5 Nxd5 19. Ne4 Nf4 20. Qc2 Nxh3+ 21. gxh3 Qxf3 22. Re3 Qf5 23. Qe2 Re6 24. Rf3 Rg6+ 25. Kh2 Qh5 26. Rg1 Rxg1 27. Kxg1 Qg6+ 28. Kh2 Ne7 29. Ng3 Qg5 30. Qe4 Rd7 31. h4 Qg6 32. Qxe5 Qg4 33. Rf4 Qg6 34. d4 Qd3 35. Rg4 g6 36. Nh5 Nf5 37. Nf6+ 1-0

[Event "SLO-chT1 East"]
[Site "Celje"]
[Date "2014.10.17"]
[Round "6"]
[White "Hocevar, Maja"]
[Black "Krcmar, Aleksander"]
[Result "1-0"]
[WhiteElo "1944"]
[BlackElo "1723"]
[PlyCount "45"]
[EventDate "2014.10.09"]
[EventType "team-tourn"]
[EventRounds "9"]
[EventCountry "SLO"]
[SourceTitle "EXT 2019"]
[Source "ChessBase"]
[SourceDate "2018.10.10"]
[SourceVersion "1"]
[SourceVersionDate "2018.10.10"]
[SourceQuality "1"]
[WhiteTeam "Radenska Pomgrad II"]
[BlackTeam "Maribor ZSK II"]
[WhiteTeamCountry "SLO"]
[BlackTeamCountry "SLO"]

1. e4 c5 2. Nc3 d6 3. Nge2 a6 4. g3 Nf6 5. Bg2 Nc6 6. 0-0 g6 7. d3 Bg7 8. h3 Bd7 9. Be3 Rb8 10. f4 Qc8 11. g4 h6 12. Qd2 b5 13. Rfe1 Nh7 14. Kh2 g5 15. Ng3 h5 16. Nxh5 Bf6 17. fxg5 Be5+ 18. Bf4 Nf8 19. Bxe5 Nxe5 20. Kg3 Ne6 21. Nd5 Rg8 22. c3 Nxg5 23. Nhf6+ 1-0

[Event "SLO-chT1 East"]
[Site "Celje"]
[Date "2014.10.11"]
[Round "4"]
[White "Brinovec, David"]
[Black "Krcmar, Aleksander"]
[Result "0-1"]
[WhiteElo "1927"]
[BlackElo "1723"]
[PlyCount "86"]
[EventDate "2014.10.09"]
[EventType "team-tourn"]
[EventRounds "9"]
[EventCountry "SLO"]
[SourceTitle "EXT 2019"]
[Source "ChessBase"]
[SourceDate "2018.10.10"]
[SourceVersion "1"]
[SourceVersionDate "2018.10.10"]
[SourceQuality "1"]
[WhiteTeam "Zalec"]
[BlackTeam "Maribor ZSK II"]
[WhiteTeamCountry "SLO"]
[BlackTeamCountry "SLO"]

1. e4 c5 2. c3 d6 3. d4 Nf6 4. Bd3 Nc6 5. Nf3 e6 6. 0-0 Be7 7. Qc2 h6 8. Bf4 0-0 9. a3 b6 10. Nbd2 Bb7 11. b4 cxd4 12. cxd4 Rc8 13. Qb3 Nd7 14. d5 exd5 15. exd5 Nce5 16. Bf5 Rc7 17. Bxd7 Rxd7 18. Rfe1 Bf6 19. Rac1 Re8 20. Ne4 Nxf3+ 21. Qxf3 Be5 22. Qg4 h5 23. Qxh5 Bxf4 24. Nf6+ gxf6 25. Qg4+ Bg5 26. h4 Rxe1+ 27. Rxe1 Re7 28. Rd1 Re5 29. hxg5 Rxg5 30. Qe4 Qc8 31. f4 Qg4 32. Rd3 Rh5 33. Kf2 Qf5 34. Qe8+ Kg7 35. Rg3+ Rg5 36. Rh3 Qc2+ 37. Ke1 Qc1+ 38. Kf2 Qd2+ 39. Kf1 Qxg2+ 40. Ke1 Qg1+ 41. Ke2 Rg2+ 42. Kd3 Ba6+ 43. b5 Bxb5+ 0-1

[Event "Sentjur Ipavec Memorial 13th"]
[Site "Sentjur"]
[Date "2013.09.15"]
[Round "6"]
[White "Krcmar, Aleksander"]
[Black "Petauer, Zala"]
[Result "1-0"]
[WhiteElo "1646"]
[BlackElo "1327"]
[PlyCount "59"]
[EventDate "2013.09.11"]
[EventType "swiss"]
[EventRounds "9"]
[EventCountry "SLO"]
[SourceTitle "EXT 2015"]
[Source "ChessBase"]
[SourceDate "2014.11.20"]
[SourceVersion "1"]
[SourceVersionDate "2014.11.20"]
[SourceQuality "1"]

1. e4 e5 2. Nf3 Nc6 3. Bc4 Nf6 4. d3 Be7 5. 0-0 0-0 6. Re1 d6 7. c3 Bg4 8. Be3 d5 9. exd5 Nxd5 10. h3 Bh5 11. g4 Bg6 12. d4 e4 13. Ne5 Nxe3 14. fxe3 Kh8 15. Nxg6+ fxg6 16. Nd2 Bd6 17. Qe2 Bg3 18. Rf1 Qh4 19. Qg2 Rfe8 20. Rf7 Rad8 21. Raf1 h5 22. gxh5 gxh5 23. R1f5 g6 24. R5f6 Rg8 25. Nxe4 Bd6 26. Ng5 Qe1+ 27. Rf1 Qxe3+ 28. Kh1 Rg7 29. Rxg7 Kxg7 30. Rf7+ 1-0

[Event "Sentjur Ipavec Memorial 13th"]
[Site "Sentjur"]
[Date "2013.09.13"]
[Round "4"]
[White "Krcmar, Aleksander"]
[Black "Kodric, Tilen"]
[Result "0-1"]
[WhiteElo "1646"]
[BlackElo "1628"]
[PlyCount "116"]
[EventDate "2013.09.11"]
[EventType "swiss"]
[EventRounds "9"]
[EventCountry "SLO"]
[SourceTitle "EXT 2015"]
[Source "ChessBase"]
[SourceDate "2014.11.20"]
[SourceVersion "1"]
[SourceVersionDate "2014.11.20"]
[SourceQuality "1"]

1. e4 c5 2. c3 g6 3. d4 cxd4 4. cxd4 d5 5. e5 Bg7 6. Nc3 Nc6 7. Be3 Nh6 8. Rc1 Nf5 9. Bb5 0-0 10. Nf3 Nxe3 11. fxe3 Bg4 12. 0-0 Bh6 13. Qe2 e6 14. h3 Bxf3 15. Qxf3 Qb6 16. Bxc6 Qxc6 17. Ne2 Qd7 18. Ng3 Rac8 19. Rxc8 Qxc8 20. e4 Qc2 21. exd5 Qxb2 22. Ne2 exd5 23. Nc3 Bd2 24. e6 Qxc3 25. exf7+ Kg7 26. Qf6+ Kh6 27. Kh1 Bg5 28. Qd6 Kg7 29. Qe5+ Kh6 30. Rf3 Qc1+ 31. Kh2 Bd8 32. Rf4 Bg5 33. Rf3 Qc6 34. h4 Bd8 35. g3 Bc7 36. Qe7 Kg7 37. Kh3 Bd8 38. Qe3 Qd7+ 39. g4 Qe7 40. Qf2 Rxf7 41. Rxf7+ Qxf7 42. Qg2 Bc7 43. Qe2 Bd6 44. Kg2 Qe7 45. Qb5 Qe4+ 46. Kf1 Qf3+ 47. Ke1 Qc3+ 48. Ke2 Qc4+ 49. Qxc4 dxc4 50. Ke3 Bg3 51. h5 gxh5 52. gxh5 Kh6 53. Kd2 b5 54. d5 Kxh5 55. Kc3 a5 56. a3 Be5+ 57. Kc2 b4 58. axb4 axb4 0-1

[Event "Sentjur Ipavec Memorial 13th"]
[Site "Sentjur"]
[Date "2013.09.13"]
[Round "3"]
[White "Unuk, Laura"]
[Black "Krcmar, Aleksander"]
[Result "1-0"]
[WhiteElo "2017"]
[BlackElo "1646"]
[PlyCount "57"]
[EventDate "2013.09.11"]
[EventType "swiss"]
[EventRounds "9"]
[EventCountry "SLO"]
[SourceTitle "EXT 2015"]
[Source "ChessBase"]
[SourceDate "2014.11.20"]
[SourceVersion "1"]
[SourceVersionDate "2014.11.20"]
[SourceQuality "1"]

1. d4 Nf6 2. Nf3 e6 3. g3 b6 4. Bg2 Bb7 5. c4 d5 6. cxd5 Nxd5 7. 0-0 Be7 8. Re1 0-0 9. e4 Nf6 10. Nc3 c5 11. d5 exd5 12. exd5 Re8 13. Ne5 Bd6 14. Nc4 Na6 15. Bg5 Rxe1+ 16. Qxe1 Qd7 17. Bxf6 gxf6 18. Ne4 Be7 19. d6 Bd8 20. Qc3 Nb4 21. Re1 Nd5 22. Qd2 Rb8 23. Nxc5 bxc5 24. Bxd5 Ba6 25. Ne3 Rb4 26. Qc2 Qxd6 27. Nf5 Qd7 28. a3 Rb6 29. Qe4 1-0

[Event "Sentjur Ipavec Memorial 13th"]
[Site "Sentjur"]
[Date "2013.09.12"]
[Round "2"]
[White "Krcmar, Aleksander"]
[Black "Titan, Matej"]
[Result "0-1"]
[WhiteElo "1646"]
[BlackElo "2146"]
[PlyCount "120"]
[EventDate "2013.09.11"]
[EventType "swiss"]
[EventRounds "9"]
[EventCountry "SLO"]
[SourceTitle "EXT 2015"]
[Source "ChessBase"]
[SourceDate "2014.11.20"]
[SourceVersion "1"]
[SourceVersionDate "2014.11.20"]
[SourceQuality "1"]

1. e4 e5 2. Nf3 Nc6 3. Bc4 Nf6 4. d3 Be7 5. 0-0 0-0 6. Re1 d6 7. c3 Na5 8. Bb5 a6 9. Ba4 b5 10. Bc2 c5 11. Nbd2 Nc6 12. Nf1 Nd7 13. Ng3 Nb6 14. Be3 Be6 15. b3 d5 16. d4 exd4 17. cxd4 c4 18. e5 Nb4 19. Nf5 Nxc2 20. Nxe7+ Qxe7 21. Qxc2 Rac8 22. Ng5 g6 23. Rac1 cxb3 24. Qxb3 Nc4 25. Nxe6 fxe6 26. Bh6 Rfe8 27. Qg3 Nb6 28. Bg5 Qf7 29. h4 Rxc1 30. Rxc1 Rc8 31. Rxc8+ Nxc8 32. Qa3 Qb7 33. Qc5 Kf7 34. g4 Ne7 35. Bh6 a5 36. Qa3 Qc7 37. Qf3+ Ke8 38. Qf8+ Kd7 39. Qf7 Qd8 40. Qxh7 b4 41. Bd2 Qf8 42. Kg2 Ke8 43. f4 Qf7 44. Qxf7+ Kxf7 45. Kf3 Nc8 46. h5 gxh5 47. gxh5 Ne7 48. Bc1 Nf5 49. Bb2 a4 50. a3 bxa3 51. Bxa3 Nxd4+ 52. Kg4 Nc2 53. Bc5 a3 54. Bxa3 Nxa3 55. f5 Nc4 56. Kf4 Nb2 57. Ke3 exf5 58. h6 Nc4+ 59. Kf4 Ke6 60. h7 Nxe5 0-1

[Event "Graz op 20th"]
[Site "Graz"]
[Date "2013.09.01"]
[Round "9"]
[White "Kodric, Tilen"]
[Black "Krcmar, Aleksander"]
[Result "1/2-1/2"]
[WhiteElo "1617"]
[BlackElo "1646"]
[PlyCount "30"]
[EventDate "2013.08.24"]
[EventType "swiss"]
[EventRounds "9"]
[EventCountry "AUT"]
[SourceTitle "CBM 156 Extra"]
[Source "ChessBase"]
[SourceDate "2013.10.22"]
[SourceVersion "1"]
[SourceVersionDate "2013.10.22"]
[SourceQuality "1"]

1. e4 c5 2. Nf3 d6 3. d4 cxd4 4. Nxd4 Nf6 5. Nc3 a6 6. Be2 e5 7. Nb3 Be7 8. 0-0 0-0 9. Kh1 Be6 10. f4 exf4 11. Bxf4 Nc6 12. Bf3 Ne5 13. Nd4 Bc4 14. Be2 Bxe2 15. Qxe2 Re8 1/2-1/2

[Event "Graz op 20th"]
[Site "Graz"]
[Date "2013.08.31"]
[Round "8"]
[White "Krcmar, Aleksander"]
[Black "Titz, Heimo"]
[Result "0-1"]
[WhiteElo "1646"]
[BlackElo "2206"]
[PlyCount "74"]
[EventDate "2013.08.24"]
[EventType "swiss"]
[EventRounds "9"]
[EventCountry "AUT"]
[SourceTitle "CBM 156 Extra"]
[Source "ChessBase"]
[SourceDate "2013.10.22"]
[SourceVersion "1"]
[SourceVersionDate "2013.10.22"]
[SourceQuality "1"]

1. e4 c5 2. c3 d5 3. exd5 Qxd5 4. d4 Nf6 5. Nf3 Bg4 6. Nbd2 Bxf3 7. Nxf3 Nc6 8. Be3 cxd4 9. Nxd4 a6 10. Nxc6 Qxc6 11. Qb3 Rd8 12. Bc4 e6 13. 0-0 Be7 14. Rad1 0-0 15. Bd3 Rd7 16. Qc2 Rfd8 17. a4 g6 18. b4 b5 19. a5 Nd5 20. Bb6 Nxb6 21. axb6 Qxb6 22. Be2 Qc7 23. Rxd7 Rxd7 24. Qa2 Qe5 25. Bf3 Qxc3 26. Qxa6 Qxb4 27. Bc6 Rd6 28. Qxb5 Qc3 29. Bf3 Kg7 30. h3 Rd2 31. Be2 Bc5 32. Bc4 Qd4 33. Be2 h5 34. Qc4 Qe5 35. Re1 Rd4 36. Qb5 Rf4 37. Kh1 Rxf2 0-1

[Event "SLO-chT U16"]
[Site "Rogla"]
[Date "2013.05.11"]
[Round "4"]
[White "Krcmar, Aleksander"]
[Black "Markocic, Tine"]
[Result "0-1"]
[WhiteElo "1630"]
[BlackElo "1759"]
[PlyCount "74"]
[EventDate "2013.05.10"]
[EventType "team-swiss"]
[EventRounds "6"]
[EventCountry "SLO"]
[SourceTitle "EXT 2015"]
[Source "ChessBase"]
[SourceDate "2014.11.20"]
[SourceVersion "1"]
[SourceVersionDate "2014.11.20"]
[SourceQuality "1"]

1. e4 c5 2. c3 d5 3. exd5 Qxd5 4. d4 Nf6 5. Nf3 Bg4 6. Nbd2 Nc6 7. Bc4 Bxf3 8. Qb3 Na5 9. Qb5+ Qd7 10. Nxf3 Nxc4 11. Qxc4 cxd4 12. Nxd4 e6 13. Bg5 Be7 14. Rd1 Rd8 15. f4 0-0 16. 0-0 Nd5 17. Bxe7 Qxe7 18. f5 Ne3 19. f6 gxf6 20. Qe2 Nxd1 21. Qxd1 Kh8 22. Qf3 Rg8 23. Ne2 Rd2 24. b4 Rxa2 25. Kh1 f5 26. Rg1 Qg5 27. Nd4 b6 28. Nb5 Qg4 29. Qe3 Qe4 30. Qxe4 fxe4 31. Nd6 f5 32. Nf7+ Kg7 33. Ne5 Rd8 34. g4 Kf6 35. Nc6 Rdd2 36. g5+ Kg7 37. Ra1 Ra5 0-1

[Event "SLO-ch 23rd"]
[Site "Sentjur"]
[Date "2013.04.12"]
[Round "7"]
[White "Krcmar, Aleksander"]
[Black "Slejko, Vladimir"]
[Result "1-0"]
[WhiteElo "1590"]
[BlackElo "1942"]
[PlyCount "131"]
[EventDate "2013.04.06"]
[EventType "swiss"]
[EventRounds "9"]
[EventCountry "SLO"]
[SourceTitle "CBM 153 Extra"]
[Source "ChessBase"]
[SourceDate "2013.04.22"]
[SourceVersion "1"]
[SourceVersionDate "2013.04.22"]
[SourceQuality "1"]

1. e4 h6 2. d4 b6 3. Nc3 Bb7 4. Bd3 e6 5. Nge2 d6 6. 0-0 Nd7 7. f4 g5 8. Qe1 gxf4 9. Bxf4 Qe7 10. Nb5 Nb8 11. Qc3 Kd8 12. d5 e5 13. Bg3 a6 14. Na3 h5 15. Rf3 h4 16. Bf2 Bc8 17. Rf1 Rh7 18. Be3 Nh6 19. Qd2 Ke8 20. Bg5 Qd7 21. Bxh4 Be7 22. Bxe7 Qxe7 23. Rg3 Bg4 24. h3 Bh5 25. Qg5 Bg6 26. Nc4 Nd7 27. Ne3 Nc5 28. Nf5 Qxg5 29. Rxg5 Kd7 30. Neg3 Nxd3 31. cxd3 Ng8 32. Kh2 Nh6 33. Nh5 Ng8 34. Nfg3 Ke7 35. Nf5+ Kd7 36. Nhg3 Ne7 37. Nxe7 Kxe7 38. Nf5+ Kd7 39. Ne3 Rah8 40. a4 a5 41. Rg3 Ke7 42. Rgf3 Ke8 43. R3f2 Kd7 44. Ng4 Rg7 45. Nf6+ Ke7 46. Rc2 Rc8 47. g4 Bh7 48. Nxh7 Rxh7 49. Kg3 f6 50. h4 Rh6 51. g5 fxg5 52. hxg5 Rg6 53. Kg4 Rg7 54. Rf6 Kd7 55. Kf5 Re8 56. g6 Ree7 57. Kg5 Rg8 58. Rcf2 Rh8 59. Rf7 Rh3 60. Rxe7+ Kxe7 61. Rf7+ Ke8 62. Rxc7 Rxd3 63. g7 Rg3+ 64. Kf6 Kd8 65. Ra7 b5 66. Ra8+ 1-0

[Event "SLO-ch 23rd"]
[Site "Sentjur"]
[Date "2013.04.09"]
[Round "4"]
[White "Brinovec, David"]
[Black "Krcmar, Aleksander"]
[Result "1-0"]
[WhiteElo "1836"]
[BlackElo "1590"]
[PlyCount "137"]
[EventDate "2013.04.06"]
[EventType "swiss"]
[EventRounds "9"]
[EventCountry "SLO"]
[SourceTitle "CBM 153 Extra"]
[Source "ChessBase"]
[SourceDate "2013.04.22"]
[SourceVersion "1"]
[SourceVersionDate "2013.04.22"]
[SourceQuality "1"]

1. e4 c5 2. c3 d6 3. d4 Nf6 4. Bd3 g6 5. Nf3 Bg7 6. h3 0-0 7. 0-0 Qc7 8. Qe2 Nfd7 9. Be3 Nc6 10. Nbd2 a6 11. a4 b6 12. Rfc1 Bb7 13. Rab1 Rfc8 14. b4 Nd8 15. Bc4 e6 16. Bd3 Ra7 17. Rc2 Qb8 18. Bf4 e5 19. Be3 cxd4 20. cxd4 Rxc2 21. Bxc2 d5 22. dxe5 Bxe5 23. exd5 Bg7 24. Bb3 Ba8 25. Bg5 Nf6 26. Bxf6 Bxf6 27. Qd3 Rd7 28. Re1 Nc6 29. Qxa6 Nd4 30. Nxd4 Bxd4 31. Qb5 Rd8 32. Nf3 Bg7 33. Ng5 Bf6 34. Ne4 Bd4 35. Rd1 Qe5 36. Qd3 Bb2 37. a5 b5 38. Ng3 Qb8 39. Qc2 Be5 40. Ne4 Rc8 41. Qe2 Re8 42. Qd3 h6 43. Qf3 Re7 44. Qd3 Re8 45. Nc5 Rd8 46. Kh1 Kg7 47. Re1 Bd6 48. Qd4+ Kg8 49. Ne4 Be5 50. Qe3 Bg7 51. Rd1 Qe5 52. Qd3 Bb7 53. Qxb5 Bc8 54. Qd3 g5 55. Qf3 f5 56. d6+ Kh7 57. d7 Bb7 58. Nxg5+ hxg5 59. Qxb7 g4 60. Qd5 Qf6 61. Bc2 Kg6 62. Re1 Kg5 63. hxg4 Kxg4 64. Bd1+ Kg5 65. Re3 Rh8+ 66. Kg1 Qd8 67. Rg3+ Kf6 68. Qd6+ Kf7 69. Bb3# 1-0

[Event "SLO-ch U16"]
[Site "Murska Sobota"]
[Date "2013.02.26"]
[Round "5"]
[White "Krcmar, Aleksander"]
[Black "Zirkelbach, Maj"]
[Result "0-1"]
[WhiteElo "1591"]
[BlackElo "1818"]
[PlyCount "84"]
[EventDate "2013.02.23"]
[EventType "swiss"]
[EventRounds "9"]
[EventCountry "SLO"]
[SourceTitle "EXT 2022"]
[Source "ChessBase"]
[SourceDate "2021.10.06"]
[SourceVersion "1"]
[SourceVersionDate "2021.10.06"]
[SourceQuality "1"]

1. e4 c5 2. c3 Nf6 3. e5 Nd5 4. Nf3 e6 5. Bc4 d6 6. exd6 Bxd6 7. 0-0 0-0 8. d4 b6 9. Nbd2 Bb7 10. Qc2 Nd7 11. Ne4 Bc7 12. Ng3 Rc8 13. Bd3 h6 14. Re1 cxd4 15. Nxd4 Nb4 16. cxb4 Bxg3 17. Qe2 Bxh2+ 18. Kxh2 Qh4+ 19. Kg1 Qxd4 20. a3 Nf6 21. Be3 Qh4 22. f3 Nh5 23. Bc2 Ba6 24. Bd3 Ng3 25. Qd2 Rfd8 26. Rac1 Rxc1 27. Qxc1 Rxd3 28. Qc2 Nf5 29. Bf2 Qg5 30. Qc6 Rd2 31. b5 Nh4 32. g3 Bxb5 33. Qa8+ Kh7 34. Qe4+ Ng6 35. f4 Qg4 36. a4 Re2 37. Rxe2 Bxe2 38. b4 Bf3 39. Qd3 Qh5 40. Be1 f5 41. Kf2 Be4 42. Qb3 Nxf4 0-1